000
00280nam a2200109Ia 4500
008
230907s9999||||xx |||||||||||||| ||und||
082
_a
621.43
_b
FER
100
_a
Ferguson, Colin R.,
_9
41847
245
0
_a
Internal combustion engines :
300
_a
xiii, 459 pages :
942
_c
BK
999
_c
600814
_d
600814